00000000nam 2200000zi 4500
0019.954281
003CaOODSP
00520250820091059
006m     o  d f      
007cr cn|||||||||
008250820e20250710oncd    ob   f000 0 fre d
040 |aCaOODSP|bfre|erda|cCaOODSP
043 |an-cn---
0861 |aYN5-305/2025F-PDF
1001 |aMichalyshyn, Katarina, |eauteur.
24510|aMise à jour des perspectives des dépenses de la Banque de l'infrastructure du Canada / |canalystes principaux : Katarina Michalyshyn.
264 1|aOttawa, Canada : |bBureau du directeur parlementaire du budget = Office of the Parliamentary Budget Officer, |c10 juillet 2025.
264 4|c©2025
300 |a1 ressource en ligne (25 pages) : |bgraphiques
336 |atexte|btxt|2rdacontent/fre
337 |ainformatique|bc|2rdamedia/fre
338 |aressource en ligne|bcr|2rdacarrier/fre
500 |aTitre de la couverture.
500 |aPublié aussi en anglais sous le titre : Update on the spending outlook of the Canada Infrastructure Bank.
504 |aComprend des références bibliographiques (pages 23-25).
520 |a« La Banque de l'infrastructure du Canada (BIC) versera 14,9 milliards de dollars d'ici 2027-2028, soit 20,1 milliards de moins que l'objectif de 35 milliards. Cette projection des décaissements est légèrement inférieure aux 15,9 milliards de dollars prévus dans le rapport du DPB de 2021. D'ici 2029-2030, la BIC devrait décaisser 20,7 milliards de dollars. Les décaissements pour les projets autochtones ont déjà atteint leur objectif de 1 milliard de dollars et devraient atteindre 3,1 milliards de dollars d'ici 2027-2028 » -- Faits saillants, page 1.
61026|aBanque de l'infrastructure du Canada|xFinances.
650 6|aSociétés d'État|zCanada|xFinances.
650 6|aInfrastructure (Économie politique)|zCanada|xFinances.
7101 |aCanada. |bBureau du Directeur parlementaire du budget, |eorganisme de publication.
77508|tUpdate on the spending outlook of the Canada Infrastructure Bank / |w(CaOODSP)9.953277
85640|qPDF|s546 Ko|uhttps://publications.gc.ca/collections/collection_2025/dpb-pbo/YN5-305-2025-fra.pdf
8564 |qHTML|sS.O.|uhttps://www.pbo-dpb.ca/fr/publications/RP-2526-005-S--update-spending-outlook-canada-infrastructure-bank--mise-jour-perspectives-depenses-banque-infrastructure-canada
986 |aRP-2526-005-S_f|aT_RP_3.10f